Highest Mountains A-Z - Statistics

General Stats
  • This quiz has been taken 74 times
  • The average score is 3 of 18
Answer Stats
Hint Answer m % Correct
M Mount Everest 8,848
92%
K K2 8,611
67%
A Annapurna I 8,091
41%
L Lhotse 8,516
25%
N Nanga Parbat 8,126
19%
B Broad Peek 8,051
17%
C Cho Oyu 8,188
16%
G Gasherbrum I 8,080
16%
D Dhaulagiri I 8,167
11%
S Shishapangma 8,027
11%
H Himalchuli 7,893
3%
R Rakaposhi 7,788
3%
I Ismoil Somoni Peak 7,495
2%
J Jongsong Peak 7,462
2%
P Pumari Chhish 7,492
2%
T Trich Mir 7,708
2%
U Ultar 7,388
2%
Y Yukshin Garden Sar 7,469
2%
No matching quizzes found
Score Distribution
Percent of People with Each Score
Percentile by Number Answered
Your Score History
You have not taken this quiz